Central Library OPAC University of Rajshahi

Plant resistance to parasitic nematodes / (Record no. 36922)

MARC details
000 -LEADER
fixed length control field 00948cam a22002894a 4500
001 - CONTROL NUMBER
control field 36922
003 - CONTROL NUMBER IDENTIFIER
rucl marc code BD-RjUL
005 - DATE AND TIME OF LATEST TRANSACTION
control field 20211209052546.0
008 - FIXED-LENGTH DATA ELEMENTS--GENERAL INFORMATION
fixed length control field 140923s2002 enka b 001 0 eng
020 ## - INTERNATIONAL STANDARD BOOK NUMBER
International Standard Book Number 0851994660 (alk. paper)
035 ## - SYSTEM CONTROL NUMBER
System control number (BD-RjUL)37024
040 ## - CATALOGING SOURCE
Original cataloging agency DLC
Transcribing agency DLC
Modifying agency DLC
-- BD-RjUL
Language of cataloging eng
041 ## - LANGUAGE CODE
Language code of text/sound track or separate title eng
082 00 - DEWEY DECIMAL CLASSIFICATION NUMBER
Classification number 632.6257
Edition number 21
Author mark and year PLA 2002
245 00 - TITLE STATEMENT
Title Plant resistance to parasitic nematodes /
Statement of responsibility, etc. edited by J.L. Starr, R. Cook and J. Bridge.
260 ## - PUBLICATION, DISTRIBUTION, ETC. (IMPRINT)
Place of publication, distribution, etc. Wallingford, Oxon, UK ;
-- New York :
Name of publisher, distributor, etc. CABI Pub.,
Date of publication, distribution, etc. c2002.
300 ## - PHYSICAL DESCRIPTION
Pagination x, 258 p. :
Illustrations ill. (some col.) ;
Size 24 cm.
504 ## - BIBLIOGRAPHY, ETC. NOTE
Bibliography, etc Includes bibliographical references.
650 #0 - SUBJECT ADDED ENTRY--TOPICAL TERM
Topical term or geographic name as entry element Plants
General subdivision Disease and pest resistance.
9 (RLIN) 112733
Topical term or geographic name as entry element Plant nematodes.
9 (RLIN) 112734
700 1# - ADDED ENTRY--PERSONAL NAME
Personal name Starr, James L.
Personal name Cook, R.
Fuller form of name (Roger J.)
Personal name Bridge, J.
Fuller form of name (John)
942 ## - ADDED ENTRY ELEMENTS (KOHA)
Source of classification or shelving scheme Dewey Decimal Classification
Koha item type Books
Holdings
Lost status Source of classification or shelving scheme Damaged status Not for loan Collection code Permanent Location Current Location Shelving location Date acquired Cost, normal purchase price Total Checkouts Full call number Date last seen Copy number Koha item type
  Dewey Decimal Classification   Not For Loan Non-fiction Institute of Biological Sciences (IBSc) Library Institute of Biological Sciences (IBSc) Library   23/09/2014 5594.00   632.6257 PLA 2002 23/09/2014 C-1 Books